Statistiques concernant Grille de mots mini #10

Cliquez ici pour prendre le quiz!

Statistiques générales

  • Ce quiz a été pris 63 fois
  • Le résultat moyen est 23 sur 25

Statistiques - réponses

Place de la lettreRéponses% Correct
1 BI
97%
1 AF
95%
3 EN
95%
2 AA
94%
1 CD
94%
1 EI
94%
3 DI
94%
1 DJ
94%
3 CR
94%
2 CI
92%
2 EN
92%
2 BN
92%
2 DO
92%
3 AT
92%
3 BU
92%
4 AA
90%
5 BE
90%
4 BL
90%
4 CE
89%
4 EE
89%
5 EE
89%
5 AL
89%
4 DN
89%
5 CS
89%
5 DT
89%

Distribution des résultats

Percentile par nombre de réponses

% des personnes avec chaque résultat

Votre développement - résultats

Vous n’avez pas pris ce quiz